Mempelajari undang-undang
| Main Author: | |
|---|---|
| Format: | Book |
| Published: |
Selangor :
International ,
2004
|
| Subjects: |
MARC
| LEADER | 00000cam a2200000 7i4500 | ||
|---|---|---|---|
| 001 | 0000016809 | ||
| 005 | 20080429.0 | ||
| 008 | 080429 | ||
| 020 | |a 9678907089 | ||
| 090 | 0 | 0 | |a 340 |b WIL |
| 100 | 1 | |a Williams, Glanville | |
| 245 | 1 | 0 | |a Mempelajari undang-undang |c Glanville Williams |
| 260 | |a Selangor : |b International , |c 2004 | ||
| 650 | 0 | |a Law |z (Malaysia) | |
| 999 | |a 0001019084 |b Book |c Adult Collection |e Perbadanan Perpustakaan Awam Johor | ||